プリンセスコネクト!Re:Dive 初出が他コンテンツのキャラ - Statistics

General Stats
  • This quiz has been taken 2 times
  • The average score is 8 of 21
Answer Stats
Answer % Correct
モニカ
100%
ウヅキ
100%
リン
100%
ミオ
100%
ジータ
50%
アリサ
50%
ルナ
50%
グレア
50%
エミリア
50%
ラム
50%
レム
50%
ビカラ
0%
アン
0%
ルゥ
0%
ヴァンピィ
0%
メドゥーサ
0%
ホウオウ
0%
ナーナ
0%
エキドナ
0%
サクラ
0%
环奈
0%
No matching quizzes found
Score Distribution
Percent of People with Each Score
Percentile by Number Answered
Your Score History
You have not taken this quiz